MARC

LEADER 00000nab a2200000 a 4500
001 vtls000895360
003 SK-MaSNL
005 20260302175233.0
008 040720e19970717xo 0 slo
035 |a KE4391 
040 |a KEVKJB  |b slo  |c KEVKJB  |e AACR2 
041 0 |a slo 
044 |a xo  |c SK 
080 |a 796.323  |2 1981 
100 1 |a Tóth, Tomáš  |4 aut  |9 822529 
245 1 0 |a Jednotný štart  |b V najvyššej súťaži basketbalistiek budú naše mesto reprezentovať tri kluby 
610 2 7 |a Košická mliekáreň Cassovia (Slovensko)  |2 KEVKJB  |9 877832 
610 2 7 |a BK Delta Management Lokomotíva (Košice, Slovensko)  |2 KEVKJB  |9 884563 
610 2 7 |a Tory Basket (bývalá Abovia)  |2 KEVKJB  |9 886389 
610 2 7 |a Basketbalový klub Delta Domex, Košice  |2 KEVKJB  |9 885625 
650 0 7 |a basketbal  |2 KEVKJB  |9 3290 
650 0 7 |a kluby basketbalové ženské  |2 KEVKJB  |9 886390 
650 0 7 |a výkony  |2 KEVKJB  |9 522398 
650 0 7 |a informácie  |2 KEVKJB  |9 1285 
651 7 |a Košice (Slovensko)  |2 KEVKJB  |9 18694 
651 7 |a KE,  |2 KEVKJB  |9 877256 
651 7 |a KE,  |2 KEVKJB  |9 877256 
655 7 |a periodikum  |2 snkbucl  |9 29553 
710 2 |a Košická mliekáreň Cassovia (Slovensko)  |4 aut  |9 877832 
710 2 |a BK Delta Management Lokomotíva (Košice, Slovensko)  |4 aut  |9 884563 
710 2 |a Tory Basket (bývalá Abovia)  |4 aut  |9 886389 
773 0 8 |t Košický večer  |g Roč. 8  |g Roč. 29, č.138, 17.7.1997, s. 12 
852 |a ZVYKNI  |b KIS3GCP 
999 |c 1406421  |d 1408351